Text book of fluid mechanics (Record no. 10484)

000 -LEADER
fixed length control field 00445nam a22001817a 4500
001 - CONTROL NUMBER
control field 10484
003 - CONTROL NUMBER IDENTIFIER
control field BD-DhUET
008 - FIXED-LENGTH DATA ELEMENTS--GENERAL INFORMATION
fixed length control field 150207b xxu||||| |||| 00| 0 eng d
040 ## - CATALOGING SOURCE
Original cataloging agency DLC
Transcribing agency DLC
Modifying agency BD-DhUET
082 ## - DEWEY DECIMAL CLASSIFICATION NUMBER
Classification number 620.1113
Item number KHU/1987
100 ## - MAIN ENTRY--PERSONAL NAME
Personal name Khurmi, R. S.
245 ## - TITLE STATEMENT
Title Text book of fluid mechanics
250 ## - EDITION STATEMENT
Edition statement 14th ed.
260 ## - PUBLICATION, DISTRIBUTION, ETC. (IMPRINT)
Place of publication, distribution, etc. New York
Name of publisher, distributor, etc. S.Chand & Company
Date of publication, distribution, etc. 1987
300 ## - PHYSICAL DESCRIPTION
Extent 639p.
650 #0 - SUBJECT ADDED ENTRY--TOPICAL TERM
Topical term or geographic name as entry element Mechanics of Fluids
942 ## - ADDED ENTRY ELEMENTS (KOHA)
Koha item type General Book
Holdings
Koha full call number Lost status Sublocation or collection (holding branch) Koha normalized classification for sorting Koha date last seen Location (home branch) Shelving location Damaged status Koha date last borrowed Source of classification or shelving scheme Piece designation (barcode) Price effective from Koha item type Not for loan Date acquired Withdrawn status Koha issues (times borrowed) Copy number
620.1113/KHU/1987 Central Library, BUET620_111300000000000_KHU_19872021-10-03Central Library, BUETCirculation section 2019-10-15 679502015-02-07General Book 2015-02-07 21
620.1113/KHU/1987 Central Library, BUET620_111300000000000_KHU_19872016-12-17Central Library, BUETCirculation section   679482015-02-07General Book 2015-02-07  2
620.1113/KHU/1987 Central Library, BUET620_111300000000000_KHU_19872019-04-24Central Library, BUETCirculation section 2017-08-19 679462015-04-22General Book 2015-04-22 13